000 00301nam a2200121Ia 4500
008 190216s9999||||xx |||||||||||||| ||und||
100 _aVelayudhan Ps
245 0 _aBrief History Of The World Part 1 Ii
260 _bOxford University Press
300 _a366p
650 _aWorld History
942 _cBK
999 _c19376
_d19376